000 00688nam a2200289Ia 4500
005 20260324123520.0
008 008 260324s9999 xx 000 0 eng d
020 _a9780203135969
037 _aEBOOK
040 _aCRL
040 _beng
040 _cCRL
041 _2eng
041 _aeng
084 _qCRL
100 _aGary Fine
_91170607
245 0 _aSticky Reputations
245 4 _bThe Politics of Collective Memory in Midcentury America
260 _bTaylor and Francis
260 _c2012
365 _a
365 _b255
856 _uhttp://www.taylorfrancis.com/books/9780203135969
942 _cEBOOK
999 _c1764194
_d1764194